<?xml version='1.0' encoding='UTF-8'?>
  <record xmlns="http://www.loc.gov/MARC21/slim">
    <leader>00000cam a2200000 a 4500</leader>
    <controlfield tag="001">ocm63240570</controlfield>
    <controlfield tag="003">OCoLC</controlfield>
    <controlfield tag="005">20250128140030.2</controlfield>
    <controlfield tag="008">850422s1883    ne            000 0 dut d</controlfield>
    <datafield tag="040" ind1=" " ind2=" ">
      <subfield code="a">COO</subfield>
      <subfield code="b">eng</subfield>
      <subfield code="c">COO</subfield>
      <subfield code="d">OCLCG</subfield>
      <subfield code="d">OCLCF</subfield>
      <subfield code="d">OCLCO</subfield>
      <subfield code="d">OCLCQ</subfield>
      <subfield code="d">OCL</subfield>
      <subfield code="d">L2U</subfield>
      <subfield code="d">OCLCA</subfield>
      <subfield code="d">OCLCO</subfield>
      <subfield code="d">OCLCL</subfield>
      <subfield code="d">OCLCQ</subfield>
    </datafield>
    <datafield tag="029" ind1="1" ind2=" ">
      <subfield code="a">NLGGC</subfield>
      <subfield code="b">111582482</subfield>
    </datafield>
    <datafield tag="035" ind1=" " ind2=" ">
      <subfield code="a">(OCoLC)63240570</subfield>
    </datafield>
    <datafield tag="043" ind1=" " ind2=" ">
      <subfield code="a">a-io---</subfield>
      <subfield code="a">e-ne---</subfield>
    </datafield>
    <datafield tag="100" ind1="0" ind2=" ">
      <subfield code="a">Brutus,</subfield>
      <subfield code="c">Oud-Hoofdofficier.</subfield>
      <subfield code="1">https://id.oclc.org/worldcat/entity/E39PCjCPKVbF8PDwTgFCPDMK8d</subfield>
    </datafield>
    <datafield tag="245" ind1="1" ind2="0">
      <subfield code="a">Eenige wenken op Indisch-militair gebied /</subfield>
      <subfield code="c">door den Oud-Hoofdofficier Brutus.</subfield>
    </datafield>
    <datafield tag="260" ind1=" " ind2=" ">
      <subfield code="a">Breda :</subfield>
      <subfield code="b">Broese,</subfield>
      <subfield code="c">1883.</subfield>
    </datafield>
    <datafield tag="300" ind1=" " ind2=" ">
      <subfield code="a">34 pages ;</subfield>
      <subfield code="c">24 cm</subfield>
    </datafield>
    <datafield tag="336" ind1=" " ind2=" ">
      <subfield code="a">text</subfield>
      <subfield code="b">txt</subfield>
      <subfield code="2">rdacontent</subfield>
    </datafield>
    <datafield tag="337" ind1=" " ind2=" ">
      <subfield code="a">unmediated</subfield>
      <subfield code="b">n</subfield>
      <subfield code="2">rdamedia</subfield>
    </datafield>
    <datafield tag="338" ind1=" " ind2=" ">
      <subfield code="a">volume</subfield>
      <subfield code="b">nc</subfield>
      <subfield code="2">rdacarrier</subfield>
    </datafield>
    <datafield tag="651" ind1=" " ind2="0">
      <subfield code="a">Netherlands</subfield>
      <subfield code="x">Armed Forces</subfield>
      <subfield code="z">Indonesia</subfield>
      <subfield code="x">Management.</subfield>
    </datafield>
    <datafield tag="651" ind1=" " ind2="0">
      <subfield code="a">Indonesia</subfield>
      <subfield code="x">History, Military.</subfield>
    </datafield>
    <datafield tag="651" ind1=" " ind2="0">
      <subfield code="a">Indonesia</subfield>
      <subfield code="x">History</subfield>
      <subfield code="y">1798-1942.</subfield>
    </datafield>
    <datafield tag="651" ind1=" " ind2="6">
      <subfield code="a">Indonésie</subfield>
      <subfield code="x">Histoire</subfield>
      <subfield code="y">1798-1942.</subfield>
    </datafield>
    <datafield tag="650" ind1=" " ind2="7">
      <subfield code="a">Armed Forces</subfield>
      <subfield code="x">Management.</subfield>
      <subfield code="2">fast</subfield>
      <subfield code="0">(OCoLC)fst00814609</subfield>
    </datafield>
    <datafield tag="651" ind1=" " ind2="7">
      <subfield code="a">Indonesia.</subfield>
      <subfield code="2">fast</subfield>
      <subfield code="0">(OCoLC)fst01209242</subfield>
      <subfield code="1">https://id.oclc.org/worldcat/entity/E39PBJcrbVHmQ674B9vYY3X8G3</subfield>
    </datafield>
    <datafield tag="651" ind1=" " ind2="7">
      <subfield code="a">Netherlands.</subfield>
      <subfield code="2">fast</subfield>
      <subfield code="0">(OCoLC)fst01204034</subfield>
      <subfield code="1">https://id.oclc.org/worldcat/entity/E39PBJk4D96j3YTHJQfHCV3vpP</subfield>
    </datafield>
    <datafield tag="648" ind1=" " ind2="7">
      <subfield code="a">1798-1942</subfield>
      <subfield code="2">fast</subfield>
    </datafield>
    <datafield tag="655" ind1=" " ind2="7">
      <subfield code="a">History.</subfield>
      <subfield code="2">fast</subfield>
      <subfield code="0">(OCoLC)fst01411628</subfield>
    </datafield>
    <datafield tag="655" ind1=" " ind2="7">
      <subfield code="a">Military history.</subfield>
      <subfield code="2">fast</subfield>
      <subfield code="0">(OCoLC)fst01411630</subfield>
    </datafield>
    <datafield tag="758" ind1=" " ind2=" ">
      <subfield code="i">has work:</subfield>
      <subfield code="a">Eenige wenken op Indisch-militair gebied (Text)</subfield>
      <subfield code="1">https://id.oclc.org/worldcat/entity/E39PCFFCtR6FdMWxPqdmKtWKv3</subfield>
      <subfield code="4">https://id.oclc.org/worldcat/ontology/hasWork</subfield>
    </datafield>
    <datafield tag="776" ind1="0" ind2="8">
      <subfield code="i">Online version:</subfield>
      <subfield code="a">Brutus, Oud-Hoofdofficier. https://id.oclc.org/worldcat/entity/E39PCjCPKVbF8PDwTgFCPDMK8d.</subfield>
      <subfield code="t">Eenige wenken op Indisch-militair gebied.</subfield>
      <subfield code="d">Breda : Broese, 1883</subfield>
      <subfield code="w">(OCoLC)1492198804</subfield>
    </datafield>
    <datafield tag="856" ind1="4" ind2=" ">
      <subfield code="z">digitale versie</subfield>
      <subfield code="u">http://leesmuseum.bibliotheekarnhem.nl/LM05356</subfield>
      <subfield code="y">gedigitaliseerd signatuur van Bibliotheek Arnhem 'Mag. LM/5356'</subfield>
    </datafield>
    <datafield tag="936" ind1=" " ind2=" ">
      <subfield code="a">BATCHLOAD</subfield>
    </datafield>
  </record>